000 01059nam a22001817a 4500
999 _c4293
_d4293
003 GBCCL
005 20241126110515.0
008 180118b xxu||||| |||| 00| 0 eng d
040 _cgbc
082 _a222.16
_bTHI
100 _aThieme, R. B.
_98111
245 _aThe Ten Commandments:
_bThe Magna Carta of Human Freedom /
_cR. B. Thieme
260 _aTexas:
_bBerachah Tapes and Publications,
_c1971
300 _a57 p.;
_bill.,
_c18 cm.
505 _aNational disintegration -- The influence of the Decalogue -- The principle of the Decalogue -- Freedom versus slavery -- Human freedom -- The first commandment -- The doctrine of idolatry -- The second commandment -- The four-generation curse -- The third commandment -- The fourth commandment -- The doctrine of the Sabbath -- The fifth commandment -- The sixth commandment -- The seventh commandment -- The doctrine of adultery -- Category two love and the single person -- The eighth commandment -- The ninth commandment -- The tenth commandment.
650 _aTen commandments
_96845
942 _2ddc
_cBK
_08